000 00752nam a2200217 4500
001 138824
003 ES-MaACL
005 20251015190310.0
007 t|
008 070214s1942 sp r ||||1| spa d
100 1 _aSanz Vázquez, Gerardo.
_9103689
245 1 3 _aEl método estadístico en biología /
_cGerardo Sanz Vázquez, Jorge Tamarit Torres.
260 _aMadrid :
_bEspasa-Calpe,
_c1942.
300 _a254 p. :
_bil. ;
_c22 cm.
500 _aPrecede al tít.: Facultad de Medicina de Madrid.
700 1 _aTamarit Torres, J.,
_d1913-1986
_9109147
710 2 0 _aUniversidad de Madrid.
_bFacultad de Medicina
_97215
852 _aES-MaACL
_jC-5613
_bR.23775
852 _aES-MaACL
_jC-5353
_bR.25460
999 _c138824
_d138824